KOHA-Header-6

Marketing (Record no. 8363)

000 -LEADER
fixed length control field 00225nam a2200109Ia 4500
020 ## - INTERNATIONAL STANDARD BOOK NUMBER
ISBN 978-0130117953
100 ## - MAIN ENTRY--AUTHOR NAME
Personal name Evans, Berman
245 #0 - TITLE STATEMENT
Title Marketing
260 ## - PUBLICATION, DISTRIBUTION, ETC. (IMPRINT)
Place of publication New Delhi
Name of publisher McGraw Hill
Year of publication 1998
300 ## - PHYSICAL DESCRIPTION
Number of Pages 604
942 ## - ADDED ENTRY ELEMENTS (KOHA)
Koha item type Books
Holdings
Withdrawn status Lost status Collection code Permanent Location Current Location Shelving location Date acquired Full call number Accession Number Koha item type
    Marketing MAJU MAJU   2019-09-13 658.8 3040 Marketing

Powered by Koha